000 01749pam a2200397 i 4500
005 20260322212027.0
008 data
010 _a 2016004962
020 _a9780820348728
_qalkaline paper
_qalkaline paper
020 _a0820348724
_qalkaline paper
_qalkaline paper
024 8 _a40026877868
040 _aDNAL/DLC
_beng
_erda
_cAGL
_dNhCcYBP
_dOCLCQ
_dOCLCF
_dYDX
_dBTCTA
_dNhCcYBP
042 _apcc
043 _an-cn---
_an-cn---
050 0 0 _aQL596.L28
_bF38 2017
070 0 _aQL596.L28
_bF38 2017
092 _a595.7644 F387 2017
100 1 _aFaust, Lynn Frierson,
_eauthor.
245 1 0 _aFireflies, glow-worms, and lightning bugs :
_bidentification and natural history of the fireflies of the eastern and central United States and Canada /
_cLynn Frierson Faust.
246 3 0 _aIdentification and natural history of the fireflies of the eastern and central United States and Canada
260 _bUniversity of Georgia Press
_c2017
264 1 _aAthens :
_bThe University of Georgia Press,
_c[2017]
300 _axvii, 356 pages ;
_c24 cm.
336 _atext
_btxt
_2rdacontent
337 _aunmediated
_bn
_2rdamedia
338 _avolume
_bnc
_2rdacarrier
490 1 _aA Wormsloe Foundation nature book
504 _aIncludes bibliographical references and index.
505 0 _aWhat genus is it? -- Fireflies around the world -- Frequently asked questions -- Eggs, larvae, and pupae -- Survival tactics and mimicry -- Parasites and predators -- Fieldwork, research, and filming -- Species accounts by genus.
650 0 _aFireflies
_zUnited States.
650 0 _aInsects
651 7 _aCanada.
_2fast
_0(OCoLC)fst01204310
651 7 _aUnited States.
_2fast
_0(OCoLC)fst01204155
830 0 _aWormsloe Foundation nature book.
001 data
999 _c620
_d620